000
00317nam a22001457a 4500
003
SGT
020
_a
978-0-07-462014-4
082
_a
536.7
_b
ARO
100
_a
ARORA,C.P
245
_a
THERMODYNAMICS
260
_a
NEW DELHI
_b
MC-GRAWHILL
_c
2015
300
_a
762
650
_a
MECHANICAL ENGINEERING
942
_2
ddc
_c
BK
999
_c
14366
_d
14366